| 000 | 01791nac a22003017a 4500 | ||
|---|---|---|---|
| 003 | Co-PeBPM | ||
| 005 | 20240824185408.0 | ||
| 007 | ta | ||
| 008 | 240824t1997 ck |||| |||| 00| 0 spa d | ||
| 020 | _a9589442269 | ||
| 040 |
_aCo-PeBPM _bspa _cCo-PeBPM _erda |
||
| 082 | 0 | 4 |
_a332.673 I62i _222 |
| 245 | 1 | 0 |
_aLa inversión extranjera en Colombia _b: Régimen jurídico y análisis económico _c/ María Isabel Agudelo y otros; Coordinado por Philippe De Lombaerde |
| 250 | _aPrimera edición | ||
| 260 |
_aBogotá, Colombia _b: Universidad Sergio Arboleda, _c1997 |
||
| 300 |
_axx, 347 páginas _bilustraciones, gráficos en blanco y negro _c23 centímetros |
||
| 490 |
_aInvestigaciones _v2 |
||
| 500 | _aIncluye índice | ||
| 504 | _aIncluye bibliografía al final de cada capítulo | ||
| 520 | _aSobre todo en Colombia, donde la certeza se volvió un bien inaprensible, la universidad debe acudir al rescate de la verdad. Por ello, con la convicción de que a la verdad científica sólo se llega a través de la investigación, la Universidad Sergio Arboleda creó en Marzo de 1996, el Centro de Investigaciones Académicas - CIVILIZAR. CIVILIZAR decidió iniciar su labor investigativa con la puesta en marcha de un proyecto piloto, sobre la inversión extranjera en Colombia, desarrollado por un equipo de expertos en la materia, y coordinado por Philippe De Lombaerde, un investigador nato, con creciente repjutación en el área de la economía internacional. | ||
| 650 | 1 | 4 |
_a Inversiones extranjera _2Lemb _zColombia |
| 650 | 1 | 4 |
_aInversión extranjera América latina _2Lemb |
| 650 | 1 | 4 |
_aComercio exterior _2Lemb |
| 700 |
_aAlvarez, Carlos Guillermo _ecoautor |
||
| 700 |
_aAnzola, Marcela _ecoautora |
||
| 700 |
_aLombaerde, Philippe De _eCoordinador |
||
| 942 |
_2ddc _cBK _n0 |
||
| 999 |
_c59463 _d59463 |
||